00406nam a2200169Ia 4500003000500000008004100005020001800046040001900064082000700083100001800090245004700108250000600155260004500161300001000206365000800216546001200224STCL221019s9999 xx 000 0 und d a9788173194306 aSTCLcSTCLbEN 222 aRana, Inder K 3aAn introduction to measure and integration a2 bNarosa Publishing HouseaNew Delhic2019 a424 p b430 aEnglish